| 000 | 00374nam a2200145Ia 4500 | ||
|---|---|---|---|
| 008 | 230917s9999||||xx |||||||||||||| ||und|| | ||
| 040 |
_e38214 _aMAIN |
||
| 041 | _aEnglish | ||
| 082 | _a658.3 T157S | ||
| 100 | _aTannenbaum, Arnold S | ||
| 245 | 0 | _aSocial Psychology of the work organization | |
| 260 |
_aBritain _bTavistock _c1966 |
||
| 300 | _avii, 136 p. | ||
| 942 | _cBK | ||
| 999 |
_c156316 _d156316 |
||